[Event "Police Gniota Memorial 34th"]
[Site "Police"]
[Date "2019.07.16"]
[Round "7"]
[White "Pajeken, Jakob Leon"]
[Black "Tokarczyk, Tomasz"]
[Result "1-0"]
[WhiteElo "2314"]
[BlackElo "2223"]
[PlyCount "71"]
[EventDate "2019.07.10"]
[EventType "swiss"]
[EventRounds "9"]
[EventCountry "POL"]
[SourceTitle "EXT 2020"]
[Source "ChessBase"]
[SourceDate "2019.10.17"]
[SourceVersion "1"]
[SourceVersionDate "2019.10.17"]
[SourceQuality "1"]

1. d4 Nf6 2. Nf3 d5 3. c4 e6 4. e3 a6 5. Nc3 dxc4 6. Bxc4 b5 7. Bb3 Bb7 8. 0-0 c5 9. Qe2 Nbd7 10. Rd1 Qb8 11. d5 Nxd5 12. Bxd5 Bxd5 13. Nxd5 exd5 14. Rxd5 Be7 15. e4 Qb7 16. Bg5 Nb6 17. Rd2 0-0 18. Rad1 Rfe8 19. Bf4 Bf8 20. e5 h6 21. h4 Qc6 22. b3 Rac8 23. Be3 Be7 24. Rc1 Nd5 25. Nd4 Qg6 26. Nf5 Qxf5 27. Rxd5 Qe4 28. Qd2 c4 29. Rd4 Qxe5 30. bxc4 Bc5 31. Rd3 bxc4 32. Rxc4 Bxe3 33. Rxe3 Qa1+ 34. Kh2 Qf6 35. Qd7 Qd8 36. Rxe8+ 1-0

[Event "Police Gniota Memorial 34th"]
[Site "Police"]
[Date "2019.07.15"]
[Round "6"]
[White "Tokarczyk, Tomasz"]
[Black "Dzhuguryan, Tygran"]
[Result "0-1"]
[WhiteElo "2223"]
[BlackElo "2230"]
[PlyCount "68"]
[EventDate "2019.07.10"]
[EventType "swiss"]
[EventRounds "9"]
[EventCountry "POL"]
[SourceTitle "EXT 2020"]
[Source "ChessBase"]
[SourceDate "2019.10.17"]
[SourceVersion "1"]
[SourceVersionDate "2019.10.17"]
[SourceQuality "1"]

1. d4 Nf6 2. c4 e6 3. g3 Bb4+ 4. Bd2 a5 5. Bg2 d5 6. Nf3 Bxd2+ 7. Nbxd2 0-0 8. 0-0 c6 9. Qc2 Nbd7 10. Rfd1 b6 11. e4 Bb7 12. e5 Ne8 13. cxd5 cxd5 14. Bf1 Rc8 15. Qb3 f6 16. exf6 gxf6 17. Re1 Ng7 18. Bh3 Re8 19. Re3 Nf8 20. Rae1 Qd6 21. Nb1 Ba6 22. Nc3 Bc4 23. Qd1 Rc7 24. Nd2 Ba6 25. Qb3 Rec8 26. Ndb1 Qb4 27. Rd1 Bc4 28. Qxb4 axb4 29. Na4 Bxa2 30. Nxb6 Rc1 31. Ree1 Rxd1 32. Rxd1 Rc2 33. Na4 Bb3 34. Nc5 Rxc5 0-1

[Event "Police Gniota Memorial 34th"]
[Site "Police"]
[Date "2019.07.10"]
[Round "1"]
[White "Lanica, Lukasz"]
[Black "Tokarczyk, Tomasz"]
[Result "0-1"]
[WhiteElo "1800"]
[BlackElo "2223"]
[PlyCount "88"]
[EventDate "2019.07.10"]
[EventType "swiss"]
[EventRounds "9"]
[EventCountry "POL"]
[SourceTitle "EXT 2020"]
[Source "ChessBase"]
[SourceDate "2019.10.17"]
[SourceVersion "1"]
[SourceVersionDate "2019.10.17"]
[SourceQuality "1"]

1. e4 e5 2. Nf3 Nc6 3. Bc4 Bc5 4. c3 Nf6 5. d4 exd4 6. cxd4 Bb4+ 7. Nc3 Nxe4 8. 0-0 Bxc3 9. d5 Ne5 10. bxc3 Nxc4 11. Qd4 0-0 12. Qxe4 Nd6 13. Qd3 Qf6 14. Ba3 b6 15. Rfe1 Bb7 16. Ne5 Rfe8 17. Ng4 Qf4 18. h3 h5 19. Ne3 Ne4 20. f3 Nc5 21. Bxc5 bxc5 22. Rab1 Ba6 23. Qd2 Re5 24. Qf2 Rae8 25. Nf1 d6 26. Rxe5 Qxe5 27. Qd2 Bc4 28. Rd1 h4 29. a4 Bb3 30. Rb1 Bxd5 31. Kh1 Bc4 32. Qf2 Bd3 33. Rc1 Qf4 34. Rd1 Re2 35. Qg1 Bc2 36. Ra1 Bxa4 37. Nh2 Bc6 38. Qf1 Bb5 39. Qb1 Qg3 40. Qg1 Bc6 41. c4 a5 42. Rb1 a4 43. Rb8+ Kh7 44. Qb1+ Be4 0-1

[Event "Police Gniota Memorial 33rd"]
[Site "Police"]
[Date "2018.07.19"]
[Round "9"]
[White "Marszalek, Maciej"]
[Black "Tokarczyk, Tomasz"]
[Result "1-0"]
[WhiteElo "2266"]
[BlackElo "2233"]
[PlyCount "93"]
[EventDate "2018.07.11"]
[EventType "swiss"]
[EventRounds "9"]
[EventCountry "POL"]
[SourceTitle "CBM 185 Extra"]
[Source "ChessBase"]
[SourceDate "2018.07.29"]
[SourceVersion "1"]
[SourceVersionDate "2018.07.29"]
[SourceQuality "1"]

1. c4 e6 2. Nf3 Nf6 3. g3 d5 4. Bg2 Be7 5. 0-0 0-0 6. d4 dxc4 7. Qc2 a6 8. a4 Bd7 9. Qxc4 Bc6 10. Bf4 Bd6 11. Qc1 a5 12. Nc3 Na6 13. Bg5 Be7 14. Bxf6 Bxf6 15. Rd1 Nb4 16. e4 b6 17. Qd2 Qc8 18. Rac1 Rd8 19. Qf4 Qb7 20. h4 Rd7 21. d5 exd5 22. e5 Be7 23. Bh3 Rdd8 24. e6 f6 25. Nd4 Be8 26. Nf5 c6 27. Qg4 g6 28. h5 Kh8 29. hxg6 Bxg6 30. Qh4 Rf8 31. Ne2 Bxf5 32. Bxf5 Bd6 33. Kg2 Ra7 34. Rh1 Kg8 35. Qg4+ Kh8 36. Rxh7+ Qxh7 37. Bxh7 Rxh7 38. Rh1 Rxh1 39. Kxh1 Nd3 40. Kg2 Ne5 41. Qh5+ Kg7 42. Nd4 Rh8 43. Nf5+ Kg8 44. Qe2 Bc5 45. Qa6 Rh5 46. Qc8+ Kh7 47. e7 1-0

[Event "Police Gniota Memorial 33rd"]
[Site "Police"]
[Date "2018.07.17"]
[Round "7"]
[White "Schmidt, Wlodzimierz"]
[Black "Tokarczyk, Tomasz"]
[Result "1/2-1/2"]
[WhiteElo "2242"]
[BlackElo "2233"]
[PlyCount "25"]
[EventDate "2018.07.11"]
[EventType "swiss"]
[EventRounds "9"]
[EventCountry "POL"]
[SourceTitle "CBM 185 Extra"]
[Source "ChessBase"]
[SourceDate "2018.07.29"]
[SourceVersion "1"]
[SourceVersionDate "2018.07.29"]
[SourceQuality "1"]

1. d4 Nf6 2. c4 e6 3. Nc3 Bb4 4. e3 0-0 5. Bd3 c5 6. Nf3 d5 7. 0-0 dxc4 8. Bxc4 Nbd7 9. Qe2 b6 10. Rd1 Bb7 11. Ne5 Bxc3 12. bxc3 Qc7 13. Nxd7 1/2-1/2

[Event "Police Gniota Memorial 32nd"]
[Site "Police"]
[Date "2017.07.08"]
[Round "4"]
[White "Koziak, Vitali"]
[Black "Tokarczyk, Tomasz"]
[Result "1-0"]
[WhiteElo "2510"]
[BlackElo "2220"]
[PlyCount "109"]
[EventDate "2017.07.05"]
[EventType "swiss"]
[EventRounds "9"]
[EventCountry "POL"]
[SourceTitle "EXT 2018"]
[Source "ChessBase"]
[SourceDate "2017.10.13"]
[SourceVersion "1"]
[SourceVersionDate "2017.10.13"]
[SourceQuality "1"]

1. d4 Nf6 2. c4 e6 3. Nf3 d5 4. Nc3 dxc4 5. e4 Bb4 6. Bxc4 Nxe4 7. 0-0 Nxc3 8. bxc3 Be7 9. Ne5 0-0 10. Qg4 Nc6 11. Bh6 Bf6 12. Rad1 Ne7 13. Rfe1 Nf5 14. Bf4 Qe7 15. Qf3 Qa3 16. Bb3 Qa5 17. h3 Nh4 18. Qg3 Nf5 19. Qd3 c6 20. Qf3 Nh4 21. Qe4 Ng6 22. Nxg6 hxg6 23. c4 Rd8 24. Be5 Qb4 25. c5 a5 26. Re3 a4 27. Bxf6 gxf6 28. a3 Qb5 29. Ba2 Qb2 30. Bc4 Kg7 31. Rf3 b5 32. cxb6 Qxb6 33. Qf4 f5 34. h4 Qb8 35. Qc1 Ba6 36. h5 Bxc4 37. Qxc4 Qb5 38. Qc1 Rh8 39. hxg6 fxg6 40. Re3 Qd5 41. Re5 Qd6 42. Qc4 Kf6 43. Rde1 Rae8 44. g3 Re7 45. Qxa4 Rb8 46. Qc4 Kf7 47. Rc5 Rc7 48. a4 Rb2 49. Qc3 Ra2 50. a5 Ra4 51. Rd1 Qd7 52. d5 exd5 53. Rdxd5 Qc8 54. Rd6 Qe8 55. Qf6+ 1-0

[Event "Police Gniota Memorial 32nd"]
[Site "Police"]
[Date "2017.07.06"]
[Round "2"]
[White "Kraus, Tomas"]
[Black "Tokarczyk, Tomasz"]
[Result "1-0"]
[WhiteElo "2422"]
[BlackElo "2220"]
[PlyCount "81"]
[EventDate "2017.07.05"]
[EventType "swiss"]
[EventRounds "9"]
[EventCountry "POL"]
[SourceTitle "EXT 2018"]
[Source "ChessBase"]
[SourceDate "2017.10.13"]
[SourceVersion "1"]
[SourceVersionDate "2017.10.13"]
[SourceQuality "1"]

1. e4 c6 2. c4 d5 3. exd5 cxd5 4. cxd5 Nf6 5. Bb5+ Nbd7 6. Nc3 g6 7. d4 Bg7 8. d6 exd6 9. Qe2+ Qe7 10. Bf4 Qxe2+ 11. Bxe2 d5 12. Nb5 0-0 13. Bd6 Ne4 14. Bxf8 Nxf8 15. f3 Ng5 16. Bd3 Bd7 17. Nc7 Rd8 18. Nxd5 Bxd4 19. Nc3 Be3 20. Rd1 Nge6 21. Nge2 Nc5 22. Bc2 Re8 23. b4 Na6 24. Nd5 Bg5 25. Kf2 Be6 26. a3 Nd7 27. Nef4 Rc8 28. Ba4 Nf8 29. h4 Bd8 30. g3 Bd7 31. Bb3 Nb8 32. Rc1 Nc6 33. Rhd1 a6 34. Kg2 h6 35. Rd2 Kg7 36. Rcd1 Ne5 37. Nd3 Nc4 38. Bxc4 Rxc4 39. Ne5 Rc8 40. Nxd7 Nxd7 41. Nf4 1-0

[Event "Police Gniota Memorial 31st"]
[Site "Police"]
[Date "2016.07.09"]
[Round "4"]
[White "Tokarczyk, Tomasz"]
[Black "Goluch, Piotr"]
[Result "1-0"]
[WhiteElo "2200"]
[BlackElo "2364"]
[PlyCount "135"]
[EventDate "2016.07.06"]
[EventType "swiss"]
[EventRounds "9"]
[EventCountry "POL"]
[SourceTitle "EXT 2017"]
[Source "ChessBase"]
[SourceDate "2016.10.25"]
[SourceVersion "1"]
[SourceVersionDate "2016.10.25"]
[SourceQuality "1"]

1. d4 Nf6 2. c4 g6 3. g3 c5 4. d5 b5 5. cxb5 a6 6. bxa6 d6 7. Nc3 Bxa6 8. Bg2 Bg7 9. Nf3 Nbd7 10. Rb1 0-0 11. 0-0 Qa5 12. Bd2 Rfb8 13. Qc2 Ng4 14. b3 Nge5 15. Ne1 Qb6 16. h3 Nf6 17. a4 Ne8 18. Qc1 Bc8 19. Kh2 Bf5 20. e4 Bc8 21. f4 Nd7 22. Nc2 Ba6 23. Rf3 Bc8 24. Na3 f5 25. Nc4 Qd8 26. exf5 gxf5 27. Qc2 Ndf6 28. Ne3 Qd7 29. Bf1 Nc7 30. Kg1 Bb7 31. Bc4 e6 32. dxe6 Qc8 33. Rff1 d5 34. Bb5 Nxb5 35. Nxb5 d4 36. Nxf5 Qxe6 37. Rbe1 Be4 38. Rxe4 Nxe4 39. Nxg7 Kxg7 40. Re1 Re8 41. Nc7 Qxh3 42. Nxe8+ Rxe8 43. Qd3 Qf5 44. a5 Qd5 45. a6 Kf7 46. Qc4 Qxc4 47. bxc4 Re7 48. Kg2 h5 49. a7 Rxa7 50. Rxe4 Ra2 51. Re2 Rc2 52. Kf3 Rxc4 53. Ba5 Ra4 54. Bb6 d3 55. Rd2 c4 56. Bd4 Ke6 57. Ke4 Kd6 58. f5 Ra8 59. f6 Ke6 60. Rb2 Re8 61. Bc3 Rd8 62. Rb6+ Kd7 63. Kf5 Rg8 64. Rb7+ Kc6 65. Rg7 Rd8 66. Bd2 Kd5 67. f7 Rf8 68. Bc3 1-0

[Event "Police Gniota Memorial 30th"]
[Site "Police"]
[Date "2015.07.09"]
[Round "2"]
[White "Tokarczyk, Tomasz"]
[Black "Wacior, Maciej"]
[Result "1-0"]
[WhiteElo "2192"]
[BlackElo "1934"]
[PlyCount "79"]
[EventDate "2015.07.08"]
[EventType "swiss"]
[EventRounds "9"]
[EventCountry "POL"]
[SourceTitle "CBM 167 Extra"]
[Source "ChessBase"]
[SourceDate "2015.09.14"]
[SourceVersion "1"]
[SourceVersionDate "2015.09.14"]
[SourceQuality "1"]

1. d4 d5 2. c4 c6 3. Nf3 e6 4. e3 Bd6 5. b3 Qe7 6. Bd3 f5 7. 0-0 Nf6 8. a4 Nbd7 9. cxd5 Nxd5 10. Ba3 0-0 11. Bxd6 Qxd6 12. Nbd2 b5 13. Rc1 b4 14. Qc2 Nc3 15. Nb1 Nxb1 16. Qxb1 Bb7 17. Rfd1 a5 18. Ng5 Kh8 19. Bc4 Rae8 20. e4 Nb6 21. e5 Qd7 22. Qc2 h6 23. Nf3 Qe7 24. Ne1 g5 25. Nd3 Qf7 26. Nc5 Bc8 27. Qe2 g4 28. Qd2 Qg7 29. Nd3 Qg5 30. Nf4 h5 31. g3 Rg8 32. Bf1 Bd7 33. Bg2 Nd5 34. Bxd5 exd5 35. Rc5 Ra8 36. e6 Be8 37. Qe3 Qf6 38. Re1 Kg7 39. Rxc6 Qh6 40. Qe5+ 1-0

[Event "Police Gniota Memorial 29th"]
[Site "Police"]
[Date "2014.07.16"]
[Round "8"]
[White "Tokarczyk, Tomasz"]
[Black "Czuchnicki, Adam"]
[Result "1/2-1/2"]
[WhiteElo "2219"]
[BlackElo "2086"]
[PlyCount "83"]
[EventDate "2014.07.09"]
[EventType "swiss"]
[EventRounds "9"]
[EventCountry "POL"]
[SourceTitle "CBM 161 Extra"]
[Source "ChessBase"]
[SourceDate "2014.08.29"]
[SourceVersion "1"]
[SourceVersionDate "2014.08.29"]
[SourceQuality "1"]

1. d4 f5 2. Nf3 Nf6 3. g3 g6 4. Bg2 Bg7 5. 0-0 0-0 6. b3 d6 7. Bb2 Ne4 8. Nbd2 Nc6 9. c4 Nxd2 10. Qxd2 e5 11. dxe5 dxe5 12. Qd5+ Kh8 13. Ba3 Re8 14. Qxd8 Nxd8 15. e4 f4 16. Rad1 h6 17. h3 Be6 18. Rd2 Nc6 19. Bb2 Rad8 20. Rfd1 Rxd2 21. Rxd2 fxg3 22. fxg3 g5 23. Kf2 Re7 24. Bc3 a5 25. Ke3 b6 26. g4 Kg8 27. Rd1 Rd7 28. Rxd7 Bxd7 29. Bf1 Kf7 30. a3 Ke6 31. b4 axb4 32. axb4 Kd6 33. Bd3 Be6 34. b5 Ne7 35. Bb4+ Kd7 36. Bxe7 Kxe7 37. Nd2 Kf6 38. Nf1 Bf8 39. Ng3 Bc5+ 40. Kf3 Kg6 41. Nf5 Bf7 42. Ke2 1/2-1/2

[Event "Police Gniota Memorial 29th"]
[Site "Police"]
[Date "2014.07.11"]
[Round "3"]
[White "Oleniak, Wlodzimierz"]
[Black "Tokarczyk, Tomasz"]
[Result "0-1"]
[WhiteElo "1838"]
[BlackElo "2219"]
[PlyCount "64"]
[EventDate "2014.07.09"]
[EventType "swiss"]
[EventRounds "9"]
[EventCountry "POL"]
[SourceTitle "CBM 161 Extra"]
[Source "ChessBase"]
[SourceDate "2014.08.29"]
[SourceVersion "1"]
[SourceVersionDate "2014.08.29"]
[SourceQuality "1"]

1. c4 c6 2. Nc3 d5 3. cxd5 cxd5 4. Nf3 Nc6 5. d4 Nf6 6. e3 a6 7. Be2 g6 8. 0-0 Bg7 9. a3 0-0 10. b4 Re8 11. Bb2 Qd6 12. b5 axb5 13. Nxb5 Qd8 14. Rc1 Ne4 15. Ne1 Qb6 16. f3 Nd6 17. Nxd6 exd6 18. Qd2 Bh6 19. f4 Bf5 20. g4 Be4 21. Bf3 Na5 22. Qb4 Qxb4 23. axb4 Nc4 24. Bxe4 Rxe4 25. g5 Bg7 26. Rxc4 dxc4 27. Kf2 Ra2 28. Kf3 d5 29. Rf2 b5 30. Bc3 Ra3 31. Rc2 Bf8 32. Ng2 Rb3 0-1

[Event "Police Gniota Memorial 29th"]
[Site "Police"]
[Date "2014.07.10"]
[Round "2"]
[White "Tokarczyk, Tomasz"]
[Black "Graf, Pawel"]
[Result "0-1"]
[WhiteElo "2219"]
[BlackElo "2079"]
[PlyCount "80"]
[EventDate "2014.07.09"]
[EventType "swiss"]
[EventRounds "9"]
[EventCountry "POL"]
[SourceTitle "CBM 161 Extra"]
[Source "ChessBase"]
[SourceDate "2014.08.29"]
[SourceVersion "1"]
[SourceVersionDate "2014.08.29"]
[SourceQuality "1"]

1. d4 g6 2. Nf3 Bg7 3. c4 d6 4. Nc3 Nd7 5. g3 e5 6. Bg2 Ne7 7. e4 exd4 8. Nxd4 Nc6 9. Be3 Nde5 10. b3 Ng4 11. 0-0 Nxe3 12. fxe3 Ne5 13. Rc1 0-0 14. Nd5 Bg4 15. Qc2 c6 16. Nf4 Qb6 17. Rf2 Rad8 18. a3 Qc7 19. b4 Qe7 20. h3 Bc8 21. Rff1 Qg5 22. Qf2 h5 23. Rfd1 Qe7 24. b5 Kh7 25. a4 h4 26. gxh4 Bf6 27. h5 Bh4 28. hxg6+ fxg6 29. Qe2 Bg3 30. Rf1 c5 31. Nd5 Qh4 32. Nf3 Rxf3 33. Bxf3 Bxh3 34. Bg2 Bg4 35. Nf6+ Kg7 36. Nxg4 Nxg4 37. Bf3 Bh2+ 38. Kg2 Be5 39. Rh1 Qg3+ 40. Kf1 Rf8 0-1

[Event "Police Gniota Memorial 28th"]
[Site "Police"]
[Date "2013.07.13"]
[Round "4"]
[White "Tokarczyk, Tomasz"]
[Black "Urban, Klaudiusz"]
[Result "0-1"]
[WhiteElo "2198"]
[BlackElo "2462"]
[PlyCount "68"]
[EventDate "2013.07.10"]
[EventType "swiss"]
[EventRounds "9"]
[EventCountry "POL"]
[SourceTitle "CBM 155 Extra"]
[Source "ChessBase"]
[SourceDate "2013.08.26"]
[SourceVersion "1"]
[SourceVersionDate "2013.08.26"]
[SourceQuality "1"]

1. d4 Nf6 2. c4 g6 3. g3 c5 4. d5 Bg7 5. Bg2 d6 6. Nc3 0-0 7. Nf3 e6 8. 0-0 exd5 9. cxd5 Na6 10. Nd2 Nc7 11. a4 b6 12. Nc4 Ba6 13. Na3 Re8 14. Re1 Ng4 15. e4 Ne5 16. Nab5 c4 17. Bf1 Bc8 18. Be2 a6 19. Nd4 Bd7 20. Be3 h5 21. f4 Ng4 22. Bxc4 b5 23. axb5 axb5 24. Rxa8 Qxa8 25. Ndxb5 Bxb5 26. Nxb5 Nxe3 27. Rxe3 Nxb5 28. Bxb5 Qa7 29. Bxe8 Qxe3+ 30. Kf1 Qxe4 31. Bc6 Qh1+ 32. Ke2 Qxh2+ 33. Kf3 h4 34. Qe2 Qxg3+ 0-1

[Event "Police Gniota Memorial 27th"]
[Site "Police"]
[Date "2012.07.19"]
[Round "9"]
[White "Tokarczyk, Tomasz"]
[Black "Kuciel, Wladyslaw"]
[Result "0-1"]
[WhiteElo "2220"]
[BlackElo "2002"]
[PlyCount "70"]
[EventDate "2012.07.11"]
[EventType "swiss"]
[EventRounds "9"]
[EventCountry "POL"]
[SourceTitle "CBM 149 Extra"]
[Source "ChessBase"]
[SourceDate "2012.08.24"]
[SourceVersion "1"]
[SourceVersionDate "2012.08.24"]
[SourceQuality "1"]

1. d4 Nf6 2. c4 e6 3. g3 Bb4+ 4. Bd2 a5 5. Bxb4 axb4 6. Bg2 0-0 7. e4 d6 8. Ne2 e5 9. 0-0 Qe7 10. a4 Nc6 11. d5 Na5 12. Qe1 Nb3 13. Ra2 Nc5 14. f3 b3 15. Ra3 b6 16. a5 bxa5 17. Rxa5 Bb7 18. Rxa8 Rxa8 19. Qc3 Qd7 20. Nd2 Qa4 21. Nc1 Ba6 22. Re1 Rb8 23. f4 Qb4 24. Re3 Qb6 25. Kh1 Na4 26. Qxb3 Qa7 27. Qa3 Ng4 28. Nf1 Bxc4 29. h3 Nxe3 30. Qxe3 Qxe3 31. Nxe3 Rxb2 32. Kh2 Ba6 33. fxe5 dxe5 34. g4 Nc3 35. Kg3 Rb1 0-1

[Event "Police Gniota Memorial 27th"]
[Site "Police"]
[Date "2012.07.14"]
[Round "4"]
[White "Zschaebitz, Klaus"]
[Black "Tokarczyk, Tomasz"]
[Result "0-1"]
[WhiteElo "2105"]
[BlackElo "2220"]
[PlyCount "58"]
[EventDate "2012.07.11"]
[EventType "swiss"]
[EventRounds "9"]
[EventCountry "POL"]
[SourceTitle "CBM 149 Extra"]
[Source "ChessBase"]
[SourceDate "2012.08.24"]
[SourceVersion "1"]
[SourceVersionDate "2012.08.24"]
[SourceQuality "1"]

1. c4 c6 2. d4 d5 3. Nf3 Nf6 4. e3 Bf5 5. Nc3 e6 6. Qb3 Qc7 7. Nh4 Be4 8. f3 Bg6 9. Bd2 Be7 10. Be2 dxc4 11. Qxc4 Nd5 12. Nxg6 hxg6 13. g3 Nxc3 14. bxc3 Rxh2 15. Rg1 Nd7 16. e4 0-0-0 17. Qa4 Qb6 18. Qb3 Rdh8 19. Bf1 Ne5 20. Qd1 Rxd2 21. Kxd2 Qb2+ 22. Ke3 Rh2 23. Qe1 Rc2 24. dxe5 Rxc3+ 25. Kf4 Qh2 26. Bh3 Qxh3 27. Qxc3 Qh6+ 28. Kg4 Qh5+ 29. Kf4 Bg5# 0-1

[Event "Police Gniota Memorial 27th"]
[Site "Police"]
[Date "2012.07.12"]
[Round "2"]
[White "Shishkin, Vadim"]
[Black "Tokarczyk, Tomasz"]
[Result "1-0"]
[WhiteElo "2485"]
[BlackElo "2220"]
[PlyCount "43"]
[EventDate "2012.07.11"]
[EventType "swiss"]
[EventRounds "9"]
[EventCountry "POL"]
[SourceTitle "CBM 149 Extra"]
[Source "ChessBase"]
[SourceDate "2012.08.24"]
[SourceVersion "1"]
[SourceVersionDate "2012.08.24"]
[SourceQuality "1"]

1. d4 d5 2. c4 c6 3. Nf3 Nf6 4. Nc3 a6 5. c5 Bg4 6. Qb3 Ra7 7. Bf4 Nbd7 8. e4 Nxe4 9. Nxe4 Bxf3 10. gxf3 dxe4 11. Bc4 e6 12. fxe4 Qf6 13. Be3 Qf3 14. Rg1 Qxe4 15. 0-0-0 g6 16. d5 exd5 17. Rge1 Be7 18. Bxd5 Qf5 19. Bxf7+ Qxf7 20. Qxf7+ Kxf7 21. Rxd7 Rd8 22. Rxe7+ 1-0

[Event "Police Gniota Memorial 26th"]
[Site "Police"]
[Date "2011.07.12"]
[Round "9"]
[White "Tokarczyk, Tomasz"]
[Black "Figura, Atila Gajo"]
[Result "1-0"]
[WhiteElo "2199"]
[BlackElo "2358"]
[PlyCount "95"]
[EventDate "2011.07.05"]
[EventType "swiss"]
[EventRounds "9"]
[EventCountry "POL"]
[SourceTitle "CBM 143 Extra"]
[Source "ChessBase"]
[SourceDate "2011.08.29"]
[SourceVersion "1"]
[SourceVersionDate "2011.08.29"]
[SourceQuality "1"]

1. d4 Nf6 2. c4 g6 3. g3 Bg7 4. Bg2 0-0 5. Nc3 d6 6. Nf3 Nc6 7. 0-0 Bf5 8. d5 Na5 9. Nd4 Bd7 10. b3 c5 11. dxc6 Nxc6 12. Bb2 Nxd4 13. Qxd4 Bc6 14. Nd5 Bxd5 15. Bxd5 Qc7 16. Rfd1 Nh5 17. Qd2 Bxb2 18. Qxb2 Nf6 19. Bg2 Nd7 20. Rac1 a5 21. a3 Ra6 22. h4 h5 23. Rd5 b6 24. Qd2 Nf6 25. Rb5 Rb8 26. Rc3 Ra7 27. Qf4 Qd8 28. Qd4 Ng4 29. Rd3 Qc7 30. Bd5 Ne5 31. Rc3 Qd8 32. f4 Ng4 33. Bf3 e5 34. Qd2 Qf6 35. Rd5 exf4 36. Rxd6 Qe5 37. gxf4 Qe7 38. Bxg4 hxg4 39. Qd5 Qxh4 40. Rxg6+ Kh7 41. Rg5 Qe1+ 42. Kh2 Qxc3 43. Rxg4 f5 44. Qxf5+ Kh8 45. Rh4+ Kg8 46. Qe6+ Kg7 47. f5 Kf8 48. Qd6+ 1-0

[Event "Police Gniota Memorial 26th"]
[Site "Police"]
[Date "2011.07.08"]
[Round "4"]
[White "Tokarczyk, Tomasz"]
[Black "Oleniak, Wlodzimierz"]
[Result "1-0"]
[WhiteElo "2199"]
[BlackElo "1859"]
[PlyCount "35"]
[EventDate "2011.07.05"]
[EventType "swiss"]
[EventRounds "9"]
[EventCountry "POL"]
[SourceTitle "CBM 143 Extra"]
[Source "ChessBase"]
[SourceDate "2011.08.29"]
[SourceVersion "1"]
[SourceVersionDate "2011.08.29"]
[SourceQuality "1"]

1. e4 e5 2. Nf3 Nf6 3. Nc3 d6 4. d4 exd4 5. Nxd4 Be7 6. f3 0-0 7. Be3 Nbd7 8. Nf5 Ne5 9. Nxe7+ Qxe7 10. Qd2 Be6 11. 0-0-0 Nfd7 12. Nd5 Qd8 13. f4 Ng4 14. Bg1 Nc5 15. Nc3 Nf6 16. f5 Bd7 17. Bxc5 dxc5 18. e5 1-0

[Event "Police Gniota Memorial 25th"]
[Site "Police"]
[Date "2010.07.13"]
[Round "7"]
[White "Krysztofiak, Marcin"]
[Black "Tokarczyk, Tomasz"]
[Result "1-0"]
[WhiteElo "2436"]
[BlackElo "2162"]
[PlyCount "83"]
[EventDate "2010.07.07"]
[EventType "swiss"]
[EventRounds "9"]
[EventCountry "POL"]
[SourceTitle "EXT 2011"]
[Source "ChessBase"]
[SourceDate "2010.11.26"]
[SourceVersion "1"]
[SourceVersionDate "2010.11.26"]
[SourceQuality "1"]

1. c4 c6 2. Nf3 d5 3. b3 Nf6 4. Bb2 Bg4 5. g3 Nbd7 6. Bg2 e6 7. 0-0 Bd6 8. d4 0-0 9. Nbd2 Qe7 10. Ne5 Bh5 11. a3 a5 12. Qe1 Bg6 13. Nxg6 hxg6 14. e4 dxe4 15. Nxe4 Nxe4 16. Qxe4 e5 17. Rfe1 Rfe8 18. Qc2 Qd8 19. c5 Bf8 20. b4 axb4 21. axb4 exd4 22. Bxd4 Rxa1 23. Rxa1 Be7 24. Ra7 Bf6 25. Be3 Qb8 26. Qa2 Nf8 27. b5 Re7 28. bxc6 bxc6 29. Rxe7 Bxe7 30. Bxc6 Ne6 31. Bd5 Nxc5 32. Bxf7+ Kh7 33. Bxg6+ Kxg6 34. Bxc5 Bxc5 35. Qc2+ Kg5 36. Qxc5+ Kf6 37. Qd4+ Kg6 38. Qe4+ Kf6 39. h4 Qc8 40. Kg2 Qd7 41. h5 Qa7 42. Qf4+ 1-0

[Event "Police Gniota Memorial 25th"]
[Site "Police"]
[Date "2010.07.09"]
[Round "3"]
[White "Sopur, Lech"]
[Black "Tokarczyk, Tomasz"]
[Result "1/2-1/2"]
[WhiteElo "2419"]
[BlackElo "2162"]
[PlyCount "103"]
[EventDate "2010.07.07"]
[EventType "swiss"]
[EventRounds "9"]
[EventCountry "POL"]
[SourceTitle "EXT 2011"]
[Source "ChessBase"]
[SourceDate "2010.11.26"]
[SourceVersion "1"]
[SourceVersionDate "2010.11.26"]
[SourceQuality "1"]

1. d4 d5 2. Bg5 Nf6 3. Nf3 Ne4 4. Bf4 c5 5. e3 Nc6 6. c3 Bg4 7. Qb3 Qd7 8. Bb5 c4 9. Qa4 Bxf3 10. gxf3 Nd6 11. Bxd6 Qxd6 12. b3 cxb3 13. axb3 e6 14. Nd2 Be7 15. f4 0-0 16. Bxc6 bxc6 17. b4 f6 18. Nf3 Qd7 19. Rg1 Bd6 20. Rg3 Rf7 21. Ke2 Re8 22. Qc2 e5 23. dxe5 fxe5 24. fxe5 Bxe5 25. Nxe5 Rxe5 26. Rag1 Re4 27. R1g2 Qf5 28. Qd3 Qh5+ 29. Kd2 Rc4 30. f4 Re4 31. Qa6 Rc7 32. Qa5 Ree7 33. Qc5 Qh6 34. Rg5 Rcd7 35. h4 Re4 36. h5 Rc4 37. Qa5 Qf6 38. Re5 Re4 39. Rgg5 h6 40. Rgf5 Qh4 41. Qa6 Qf2+ 42. Qe2 Qg1 43. Kc2 Qa1 44. Qd3 Qa2+ 45. Kd1 Re7 46. Rxe7 Rxe7 47. Re5 Rxe5 48. fxe5 Qf2 49. Qg6 Qf1+ 50. Kc2 Qe2+ 51. Kb3 Qc4+ 52. Kb2 1/2-1/2

[Event "Police Gniota Memorial 25th"]
[Site "Police"]
[Date "2010.07.08"]
[Round "2"]
[White "Tokarczyk, Tomasz"]
[Black "Krivonosov, Oleg"]
[Result "1/2-1/2"]
[WhiteElo "2162"]
[BlackElo "2437"]
[PlyCount "42"]
[EventDate "2010.07.07"]
[EventType "swiss"]
[EventRounds "9"]
[EventCountry "POL"]
[SourceTitle "EXT 2011"]
[Source "ChessBase"]
[SourceDate "2010.11.26"]
[SourceVersion "1"]
[SourceVersionDate "2010.11.26"]
[SourceQuality "1"]

1. d4 d5 2. Nf3 Nf6 3. c4 e6 4. Bg5 Be7 5. Nc3 h6 6. Bh4 0-0 7. e3 Ne4 8. Bxe7 Qxe7 9. Rc1 Nxc3 10. Rxc3 c6 11. Bd3 dxc4 12. Bxc4 Nd7 13. 0-0 b6 14. Bd3 c5 15. Be4 Rb8 16. Qc2 Nf6 17. dxc5 Nxe4 18. Qxe4 bxc5 19. b3 Bb7 20. Qf4 Bxf3 21. Qxf3 Rfd8 1/2-1/2